Marvel Snap Cards - Estadísticas

Estadísticas generales
  • Esta prueba ha sido intentada 48 veces
  • La puntuación promedio es 13 de 20
Estadísticas de respuestas
Pregunta Respuesta % Correcto
Coste = 6, Poder = 9, Habilidad = Cuesta 1 menos por cada Energía no gastada en el último turno. She-Hulk
94%
Coste = 6, Poder = 12, Habilidad = Sin habilidad. Hulk
76%
Coste = 1, Poder = 0, Habilidad = Cuando vuelve a tu mano, +1 de poder. Vuelve al inicio de cada turno. Kitty Pride
76%
Coste = 6, Poder = 14, Habilidad = Comienza en tu mano y juega tus cartas por ti. Agatha Harkness
71%
Coste = 4, Poder = 4, Habilidad = Al revelarse : si no juegas una carta en esta ubicación el próximo turno, +4 de poder. Jessica Jones
71%
Coste = 1, Poder = 2, Habilidad = Al revelarse : añade una ardilla con 1 de poder a las otras ubicaciones. Squirrel Girl
71%
Coste = 2, Poder = 2, Habilidad = Al revelarse: destruye tus otras cartas en esta ubicación. +2 de poder por cada carta destruida. Carnage
65%
Coste = 6, Poder = 8, Habilidad = Al revelarse : mueve tus otras cartas una ubicación a la izquierda. Heimdall
65%
Coste = 3, Poder = 0, Habilidad = Al revelarse : otorga +2 de poder a otras 3 cartas tuyas. Ironheart
65%
Coste = 5, Poder = 0, Habilidad = Continuo : tu poder total se duplica en esta ubicación. Ironman
65%
Coste = 2, Poder = 2, Habilidad = Al revelarse: si se encuentra en la ubicación del centro, +3 de poder. Medusa
65%
Coste = 4, Poder = 4, Habilidad = Al revelarse : duplica tu mano. Moon Girl
65%
Coste = 2, Poder = 2, Habilidad = Al revelarse: en el siguiente turno, obtienes +1 de energía. Psylocke
65%
Coste = 2, Poder = 3, Habilidad = Al revelarse : reemplaza esta ubicación con una nueva al azar. Scarlet Witch
65%
Coste = 1, Poder = 0, Habilidad = Después de cada turno, obtiene +1 de poder por cada punto de energía no gastado. Sunspot
65%
Coste = 5, Poder = -8, Habilidad = Al revelarse : cambia de lado. Hobgoblin(Duende)
59%
Coste = 6, Poder = 20, Habilidad = Si jugaste una carta el turno anterior, no puedes jugar esta carta. The Infinaut
59%
Coste = 4, Poder = 5, Habilidad = Continuo : si alguna de tus ubicaciones esta vacía, +4 de poder. Warpath
59%
Coste = 5, Poder = 7, Habilidad = Al revelarse : si tu oponente jugó una carta aquí este turno, +5 de poder. Gamora
53%
Coste = 4, Poder = 3, Habilidad = Al revelarse : devuelve una de tus cartas descartadas a esta ubicación. Ghost Rider
53%
No se encontraron pruebas coincidentes
Distribución de puntuación
Porcentaje de gente con cada puntuación
Porcentaje por número respondido
Historial de tus puntuaciones
No has intentado esta prueba.